00968nam a22002537a 45000010005000000030006000050050017000110080041000280200018000690400029000870500013001160820011001291000018001402450047001582600044002053000049002494900016002985050008003145200225003225210020005475210020005676500047005876500080006345379FISKH20241129123439.0241129b cb ||||| |||| 00| 0 eng d a9780531289952 aFISKHbengcFISKHdFISKH aTL659.H5 a363.12 aBenoit, Peter aThe Hindenburg Disaster /cby Peter Benoit aNew York : bChildren's Press ;c2011 . a48 pages :bcolor illustrations ; c22 cm .  aA True Book aU  aDescribes the crash of the Hindenburg airship in 1937, relaying the history of international airship flight and the events leading to the disaster, and explains what measures have been taken to make airship travel safer.8 a830 bLexile 8 aU bRaz-Plus  aHinderbug( airship) vJuvenile literature  aAircraft accidents- New Jersey- History- 20th CenturyvJuvenile literature